| 000 | 01805cam a22003857a 4500 | ||
|---|---|---|---|
| 001 | 16221093 | ||
| 003 | Nust- CAS-E | ||
| 005 | 20180118181408.0 | ||
| 008 | 100506s2009 paua b i001 0 eng d | ||
| 010 | _a 2010287510 | ||
| 020 | _a9780873397339 | ||
| 020 | _a0873397339 | ||
| 035 | _a(OCoLC)ocn318997352 | ||
| 040 |
_aCDC _cCDC _dYDXCP _dBTCTA _dBWX _dOCLCQ _dCUY _dDLC |
||
| 042 | _alccopycat | ||
| 050 | 0 | 0 |
_aTJ163.15 _b.E56 2009 |
| 082 | 0 | 4 |
_a621.042 _bENE 2009 |
| 245 | 0 | 0 |
_aEnergy technology perspectives : _bconservation, carbon dioxide reduction and production from alternative sources / _cedited by Neale R. Neelameggham. . .[et al.]. |
| 260 |
_aWarrendale, Pa. : _bMinerals, Metals & Materials Society, _cc2009. |
||
| 300 |
_axvii, 264 p. : _bill. ; _c23 cm. |
||
| 500 | _aProceedings of symposia sponsored by the Light Metals Division of The Minerals, Metals & Materials Society (TMS). Held during TMS 2009 Annual Meeting & Exhibition, San Francisco, California, USA, February 15-19, 2009. | ||
| 502 | _a0 | ||
| 504 | _aIncludes bibliographical references and indexes. | ||
| 650 | 0 | _aPower resources. | |
| 650 | 0 |
_aEnergy development _xEnvironmental aspects. |
|
| 650 | 0 |
_aEnergy policy _xEnvironmental aspects. |
|
| 650 | 0 |
_aAtmospheric carbon dioxide _xEnvironmental aspects. |
|
| 700 | 1 | _aNeelameggham, Neale R. | |
| 710 | 2 | _aMinerals, Metals and Materials Society. | |
| 856 | 4 | 1 |
_3Table of contents only _uhttp://www.loc.gov/catdir/enhancements/fy1009/2010287510-t.html |
| 856 | 4 | 2 |
_3Publisher description _uhttp://www.loc.gov/catdir/enhancements/fy1009/2010287510-d.html |
| 906 |
_a7 _bcbc _ccopycat _d2 _encip _f20 _gy-gencatlg |
||
| 942 |
_2ddc _cBK |
||
| 999 |
_c355637 _d355637 |
||